| 000 | 00725nam a2200205Ia 4500 | ||
|---|---|---|---|
| 003 | OSt | ||
| 005 | 20220104152909.0 | ||
| 008 | 210310s1958 sp fr 000 0 spa d | ||
| 040 |
_aCO-JMCR _cCO-JMCR |
||
| 041 | 0 | _aspa | |
| 082 | 0 | 4 |
_a330.1 / _bL182d _223 |
| 100 | 1 |
_aLagunilla Iñarritu, Alfredo, _918149 _eautor |
|
| 245 | 1 | 0 |
_aDesarrollo y equilibrio en la economía actual / _cAlfredo Lagunilla Iñarritu |
| 260 |
_aMadrid : _bAguilar, _c1958. |
||
| 300 |
_axv, 312 páginas ; _c21 cm. |
||
| 490 | 0 |
_aBiblioteca de Ciencias Sociales. _aSección primera: Economía. |
|
| 500 | _aIncluye notas a pie de página. | ||
| 505 | 0 | _aCinco modelos de desarrollo económico -- Los estabilizadores económicos | |
| 942 |
_2ddc _cBK |
||
| 999 |
_c8740 _d8740 |
||